Fisiología aplicada a la anestesiología / (Registro nro. 13068)

Detalles MARC
000 -LIDER
fixed length control field 00705nam a22002297a 4500
003 - IDENTIFICACDOR DE NÚMERO DE CONTROL
control field DO-SdBNP
005 - DATE AND TIME OF LATEST TRANSACTION
control field 20171124132101.0
008 - ELEMENTOS DE LONGITUD FIJA
fixed length control field 161031b 2013 sp 00| 0 spa d
020 ## - ISBN
International Standard Book Number 9788415142164 (o. completa)
020 ## - ISBN
International Standard Book Number 9788415142171 (v. 1)
020 ## - ISBN
International Standard Book Number 9788415142188 (v. 2)
040 ## - FUENTE DE CATALOGACIÓN
Agencia que crea de manera original el registro BPMSU
Idioma de catalogación spa
Agencia que realiza la transcripción BPMSU
082 ## - NÚMERO DE CLASIFICACIÓN DECIMAL DE DEWEY
Classification number xxxx
Item number xxxx
110 2# - ASIENTO PRINCIPAL--NOMBRE CORPORATIVO
Nombre corporativo o de jurisdicción Océano grupo editorial
245 10 - MENCIÓN DE TITULO
Título Fisiología aplicada a la anestesiología /
Mención de responsabilidad Océano grupo editorial
260 ## - PUBLICACIÓN, DISTRIBUCIÓN, ETC. (PIE DE IMPRENTA)
Lugar de publicación, distribución, etc Barcelona :
Nombre del editor, distribuidor, etc. Oceano,
-- Ergon,
Fecha de publicación, distribución, etc 2013.
300 ## - DESCRIPCIÓN FÍSICA
Extensión 2 v. :
Otros detalles físicos il.
Dimensiones 30 cm.
Material complementario CD-ROOM
910 ## - VALIDACIÓN
Validación 000144
942 ## - ADDED ENTRY ELEMENTS (KOHA)
Source of classification or shelving scheme Dewey Decimal Classification
Koha item type Libros
945 ## - INFORMACIÓN DE PROCESAMIENTO LOCAL
Información de procesamiento local Inventariado extranjero / 2017 YL
956 ## - LOCAL ELECTRONIC LOCATION AND ACCESS (OCLC)
Nombre de host YLOCKWARD
Número de acceso 10
Información de compresión 20171124
Trayectoria 144
Existencias
Withdrawn status Lost status Source of classification or shelving scheme Damaged status Not for loan Collection code Home library Current library Date acquired Source of acquisition Cost, normal purchase price Total Checkouts Full call number Barcode Date last seen Copy number Price effective from Koha item type
    Dewey Decimal Classification     Colección General Biblioteca Pública Metropolitana Salomé Ureña Biblioteca Pública Metropolitana Salomé Ureña 11/24/2017 Compra 4400.00   xxxx xxxx BPMSU17110394 11/24/2017 v. 1 11/24/2017 Libros
    Dewey Decimal Classification     Colección General Biblioteca Pública Metropolitana Salomé Ureña Biblioteca Pública Metropolitana Salomé Ureña 11/24/2017 Compra 4400.00   xxxx xxxx BPMSU17110395 11/24/2017 v. 2 11/24/2017 Libros
    Dewey Decimal Classification     Colección General Biblioteca Pública Metropolitana Salomé Ureña Biblioteca Pública Metropolitana Salomé Ureña 11/24/2017 Compra 4400.00   xxxx xxxx BPMSU17110396 11/24/2017 v. 2, e. 2 11/24/2017 Libros
    Dewey Decimal Classification     Colección General Biblioteca Pública Metropolitana Salomé Ureña Biblioteca Pública Metropolitana Salomé Ureña 11/24/2017 Compra 4400.00   xxxx xxxx BPMSU17110414 11/24/2017 v. 1, e. 2 11/24/2017 Libros